000 00651nam a2200217Ia 4500
003 BUBTL
008 151213s9999 xx 000 0 und d
082 _a346.052/M215t
100 _aMahmood, S.H Shaikat
_93914
245 _aTransfer of Property Act
_cS.H Shaikat Mahmood ,S.H Nadeem Shaikat
250 _a3rd
260 _aPakisthan
_bLegal Research Center
_cc 2003
300 _a[viii] , 1083p . :
_b21 cm.
500 _aIncludes Index
650 _aLaw
_93915
650 _aLaw
_93915
700 _aS.H Shaikat Mahmood ,S.H Nadeem Shaikat
_93916
856 _k0
_l0
_yDownload
942 _2ddc
_cBK
999 _c2253
_d2253